Incidencia de la disponibilidad hídrica en la producción de bulbos de lilium (Lilium spp.) /

Guardado en:
Autor Principal: Semprini, Nicolás.
Autor Corporativo: Universidad Nacional del Sur. Departamento de Agronomía.
Otros Autores: Marinangeli, Pablo Alejandro, (tutor.)
Formato: Libro
Idioma:Spanish
Publicado: Bahía Blanca, 2009.
Etiquetas: Agregar Etiqueta
Sin Etiquetas, Sea el primero en etiquetar este registro!
LEADER 00731nam a22001695a 4500
001 EEA.libagro008243
005 20181203081130.0
008 130809s2009####ag#a##########000#0#spa#d
082 0 4 |a 635.9 
100 1 |a Semprini, Nicolás. 
245 1 0 |a Incidencia de la disponibilidad hídrica en la producción de bulbos de lilium (Lilium spp.) /  |c Nicolás Semprini. 
260 |a Bahía Blanca,  |c 2009. 
300 |a 32 h. :  |b il. ;  |c 30 cm. 
502 |a Trabajo de intensificación (Ingeniero Agrónomo) -- Universidad Nacional del Sur. Departamento de Agronomía, 2009. 
700 1 |a Marinangeli, Pablo Alejandro,  |e tutor. 
710 2 |a Universidad Nacional del Sur.  |b Departamento de Agronomía. 
859 |a AR-BbBCA  |b BIB. AGRONOMIA  |h 635.9  |i S473  |p 2009/5632